000 00826nam a2200145 4500
008 701.18 S522t
020 _a2914935463
082 _a701.18
_bS522t
100 _aSénéchal, Philippe
_96353
245 _a100 Titres sur l`histoire de l´art
260 _aFrancia
_badpf: association pour la diffusion de la pensée française
_c2005
300 _a100 p.
_c22 x 18.5 cm
505 _tPréface
_rMichel Laclotte
_tIntroduction
_rPhilippe Sénéchal
_tMouvements, périodes, civilisations
_tMatières, genres, techniques
_tAproches monographiques
_tSources critiques, écrits et paroles d´artistes
_tCollections, marché de l`art
_tArtistes, société et institutions
_tThéorie et interprétations des formes
_tIconographie, symbolique
_tIndex
650 _xarte contemporáneo
_xarte - historia
_xarte - crítica e interpretación
_xFrancia
_96354
999 _c1476
_d1476